| 000 | 01621nam a22004217a 4500 | ||
|---|---|---|---|
| 003 | CHAP | ||
| 005 | 20220329143523.0 | ||
| 008 | 100329s1987 mx a r 00010 spa d | ||
| 010 | _a97925 | ||
| 011 | _a98897 | ||
| 020 | _a9688220809 | ||
| 035 | _a109582 | ||
| 040 | _cCHAP | ||
| 082 | 1 | 4 |
_a641.230972 _bUl46 |
| 100 | 0 | 0 |
_aUlloa, Miguel. _9116060 |
| 245 | 1 | 0 |
_aFermentaciones tradicionales indigenas de México _c/por Miguel Ulloa, Teófilo Herrera y Patricia Lappe |
| 260 |
_aMéxico, D. F. : _bInstituto Nacional Indigenista, _c1987 |
||
| 300 |
_a77 p. : _bilus. |
||
| 490 | 0 |
_aSerie de investigaciones sociales _v; 16 |
|
| 590 |
_aBATCH-UPD _b10 _c20130110 _lUCH01 _h1229 |
||
| 590 |
_aBATCH-UPD _b10 _c20130410 _lUCH01 _h0800 |
||
| 590 |
_aBATCH-UPD _b10 _c20130914 _lUCH01 _h1357 |
||
| 590 |
_aCONVERSION _b10 _c20130109 _lUCH01 _h1354 |
||
| 650 | 1 | 4 |
_aFermentación. _940083 |
| 650 | 1 | 4 |
_aMelaza _xFermentación. _974314 |
| 650 | 1 | 4 |
_aPulque. _993009 |
| 700 | 0 |
_aHerrera, Teófilo. _954978 |
|
| 700 | 0 |
_aLappe, Patricia. _964815 |
|
| 830 | 0 |
_aSerie de investigaciones sociales _v; 16 _9104743 |
|
| 901 | _aBK | ||
| 911 | _aen proceso | ||
| 942 | _cLIBRO | ||
| 949 |
_a641.230972 Ul46 _bBC _cLIBRO _d33724002162991 _eLIBRO _gI.c/e _h112171 _i109582 _sb |
||
| 949 |
_a641.230972 Ul46 _bBC _cLIBRO _d33724002163033 _eLIBRO _fc.2 _gI.c/e _h112262 _i109582 _sb |
||
| 949 |
_a641.230972 Ul46 _bBC _cLIBRO _d33724002175561 _eLIBRO _fc.5 _h112583 _i109582 _sb |
||
| 949 |
_a641.230972 Ul46 _bBC _cLIBRO _d33724002175603 _eLIBRO _fc.4 _h112582 _i109582 _sb |
||
| 949 |
_a641.230972 Ul46 _bBC _cLIBRO _d33724002175644 _eLIBRO _fc.3 _h112581 _i109582 _sb |
||
| 999 |
_c97925 _d97925 |
||